Detalles MARC
| 000 -CABECERA |
| campo de control de longitud fija |
02232nam a2200253 a 4500 |
| 001 - NÚMERO DE CONTROL |
| campo de control |
000015398 |
| 003 - IDENTIFICADOR DEL NÚMERO DE CONTROL |
| campo de control |
DO-SdBNP |
| 005 - FECHA Y HORA DE LA ÚLTIMA TRANSACCIÓN |
| campo de control |
20240925173348.0 |
| 008 - DATOS DE LONGITUD FIJA--INFORMACIÓN GENERAL |
| campo de control de longitud fija |
100208s2003 dr c 000 0 spa d |
| 020 ## - NÚMERO INTERNACIONAL ESTÁNDAR DEL LIBRO |
| Número Internacional Estándar del Libro |
9993427039 |
| 040 ## - FUENTE DE LA CATALOGACIÓN |
| Centro catalogador/agencia de origen |
DO-SdBNP |
| Lengua de catalogación |
spa |
| Centro/agencia transcriptor |
BNPHU |
| 082 #4 - NÚMERO DE LA CLASIFICACIÓN DECIMAL DEWEY |
| Número de clasificación |
972.93053 |
| Número de documento/Ítem |
D559u |
| 100 1# - ENTRADA PRINCIPAL--NOMBRE DE PERSONA |
| Nombre de persona |
Diederich, Bernard |
| Fechas asociadas al nombre |
1926 - |
| 9 (RLIN) |
34776 |
| 245 10 - MENCIÓN DE TÍTULO |
| Título |
Una cámara testigo de la historia : |
| Resto del título |
el recorrido dominicano de un cronista extranjero 1951-1966 / |
| Mención de responsabilidad, etc. |
Bernard Diederich ; introducción Bernardo Vega. |
| 260 ## - PUBLICACIÓN, DISTRIBUCIÓN, ETC. |
| Lugar de publicación, distribución, etc. |
Santo Domingo : |
| Nombre del editor, distribuidor, etc. |
Fundación Global y Desarrollo: |
| -- |
Fundación Cultural Dominicana, |
| Fecha de publicación, distribución, etc. |
2003. |
| 300 ## - DESCRIPCIÓN FÍSICA |
| Extensión |
268 p. : |
| Otras características físicas |
il. ; |
| Dimensiones |
31 cm. |
| 500 ## - NOTA GENERAL |
| Nota general |
Incluye índices |
| 504 ## - NOTA DE BIBLIOGRAFÍA, ETC. |
| Nota de bibliografía, etc. |
Incluye referencias bibliográficas (p. 249-256) |
| 505 1# - NOTA DE CONTENIDO CON FORMATO |
| Título |
Patrocinadores -- |
| -- |
Introducción Diesiséis años de historia dominicana a través del lente de Bernard Diederich (1951-1966) |
| Mención de responsabilidad |
Bernardo Vega -- |
| Título |
El por qué de andar con una cámara / |
| Mención de responsabilidad |
Bernard Diederich -- |
| Título |
¿Quién es Bernard Diederich? Breve biografía y colección de fotos de sus "etapas" y corresponsalías -- |
| -- |
Primer Contacto con la República Dominicana. 1951-1961 -- 1951: El abrazo armado de Rafael L. Trujillo y Paul E. Magloire -- 1958: Duvalier y Trujillo -- 1960: Febrero. represión en Ciudad Trujillo -- Castigo continuo -- Un "accidente" en la carretera -- 1961: La muerte del dictador -- |
| -- |
Los partidos de oposición y la lucha contra Ramfis y Balaguer |
| -- |
Breve ensayo de democracia Febrero-Septiembre 1963 -- Despues del golpe de Estado de 1963 -- |
| -- |
A las puertas de una Guerra Civil 1963-1965 -- Incidente trágico frente al palacio -- |
| -- |
La guerra de Abril y la intervención militar norteamericana. Abril 1965-Septiembre 1966 -- Dos Gobiernos: una ciudad dividida y alambrada -- Uno de tantos -- 1966 -- |
| -- |
Los interventores se van |
| -- |
Epílogo a manera de dedicatoria "no pictures, please", Bernard Diederich (2001) -- |
| -- |
Cronología o marco histórico de la etapa cubierta en esta obra (1951-1966) -- |
| -- |
Bibliografía General -- |
| -- |
Índice Onomástico. |
| 651 #4 - PUNTO DE ACCESO ADICIONAL DE MATERIA--NOMBRE GEOGRÁFICO |
| Nombre geográfico |
República Dominicana |
| Subdivisión general |
Historia |
| Subdivisión cronológica |
Era de Trujillo, 1930-1961 |
| 9 (RLIN) |
34777 |
| Subdivisión de forma |
Fotografías |
| 700 1# - PUNTO DE ACCESO ADICIONAL--NOMBRE DE PERSONA |
| Nombre de persona |
Vega, Bernardo, |
| Fechas asociadas al nombre |
1938 - |
| 9 (RLIN) |
3222 |
| 910 ## - DATOS DE OPCIÓN DEL USUARIO (OCLC) |
| Datos de opción del usuario |
Validado. Control de calidad BNPHU |
| 942 ## - ELEMENTOS DE PUNTO DE ACCESO ADICIONAL (KOHA) |
| Fuente del sistema de clasificación o colocación |
Dewey Decimal Classification |
| Tipo de ítem Koha |
Libro |